Dr. Szent-Györgyi Albert házassága
Elmentve itt :
| Dokumentumtípus: | Cikk |
|---|---|
| Megjelent: |
1941-10-19
|
| Sorozat: | Délmagyarország
17 No. 239 |
| Kulcsszavak: | Borbíró Mária, Szent-Györgyi Albert, Házasságkötés |
| Online Access: | http://dmarchiv.bibl.u-szeged.hu/33740 |
| LEADER | 00451nab a2200145 i 4500 | ||
|---|---|---|---|
| 001 | delm33740 | ||
| 005 | 20180927105608.0 | ||
| 008 | 180927s1941 hu o 0|| hun d | ||
| 040 | |a SZTE Délmagyarország Archívum |b hun | ||
| 041 | |a hun | ||
| 245 | 0 | 0 | |a Dr. Szent-Györgyi Albert házassága |h [elektronikus dokumentum] |
| 260 | |c 1941-10-19 | ||
| 300 | |a 9 | ||
| 490 | 0 | |a Délmagyarország |v 17 No. 239 | |
| 695 | |a Borbíró Mária, Szent-Györgyi Albert, Házasságkötés | ||